000 00864cam a22002294a 4500
001 13739406
005 20250217104617.0
008 041004s2005 enk b 001 0 eng
020 _a1403915814
020 _a1403915822 (pbk.)
050 0 0 _aHF5718.3
_b.S87 2005
082 0 0 _a808/.06665
_222
100 1 _aSurma, Anne,
_d1961-
245 1 0 _aPublic and professional writing :
_bethics, imagination, and rhetoric /
_cAnne Surma.
260 _aHoundmills, Basingstoke, Hampshire ;
_aNew York :
_bPalgrave Macmillan,
_c2005.
300 _aix, 183 p. ;
_c23 cm.
650 0 _aBusiness writing.
650 0 _aReport writing.
856 4 2 _3Contributor biographical information
_uhttp://www.loc.gov/catdir/enhancements/fy0618/2004051406-b.html
856 4 2 _3Publisher description
_uhttp://www.loc.gov/catdir/enhancements/fy0618/2004051406-d.html
942 _2lcc
_cBK
_n0
999 _c3898
_d3898